000 00602nam a2200181Ia 4500
003 GCL
008 140319s9999 xx 000 0 ara d
040 _aGCL /
_cGCL
082 0 4 _a341.33
_bم ت
100 1 _aمحسن احمد الخضيرى
245 1 0 _aتنمية المهارات التفاوضية /
_cمحسن احمد الخضيرى
260 _a[S.N] :
_bالدار المصرية اللبنانية
490 _a
650 0 4 _aالسياسة الدولية
650 0 4 _aالعلاقات الدولية
650 0 4 _aالسلك الدبلوماسى والقنصلى
942 _2ddc
_cBK
999 _c27877
_d27877